[Event "2nd Summer Festival Belgrade GM 2019"]
[Site "Belgrade"]
[Date "2019.06.28"]
[Round "7.1"]
[White "Batsuren, Dambasuren"]
[Black "Yu, Jennifer"]
[Result "1/2-1/2"]
[WhiteElo "2439"]
[BlackElo "2369"]
[Annotator "TA"]
[PlyCount "161"]
[EventDate "2019.06.25"]
[EventType "tourn"]
[EventCountry "SRB"]
[SourceTitle "playchess.com"]
[Source "ChessBase"]
[SourceQuality "1"]

{[%evp 13,161,0,16,6,17,0,0,-14,3,-25,-21,-6,-1,-10,-21,-25,-16,-43,-18,-24,0,0,20,0,19,12,10,-10,19,5,17,0,0,0,0,0,0,0,0,0,0,0,0,-22,0,0,0,0,-10,-11,-12,-50,-44,-76,-26,-35,21,26,28,10,10,10,10,10,10,10,10,10,10,10,10,10,10,10,11,11,13,14,60,58,56,8,60,11,8,8,8,8,12,0,25,0,8,8,8,8,8,0,0,0,10,10,10,8,8,0,10,8,8,8,8,8,8,8,8,8,8,8,8,0,0,0,0,0,0,0,0,0,8,0,8,8,8,0,0,0,0,0,0,0,0,0,0,0,0,0,0,0,0,-29989]} 1. d4 d5 2. c4 c6 3. Nc3 Nf6 4. e3 g6 5. Be2 Bg7 6. Nf3 O-O 7. Qb3 b6 8. O-O {D95: Grünfeld: 4 Nf3 Bg7 5 e3 0-0 6 Qb3} (8. a4 a6 9. O-O e6 10. Qa3 Nbd7 11. b4 a5 12. cxd5 cxd5 13. Qb3 axb4 14. Qxb4 Ba6 15. Nb5 Qb8 {½-½ (54) Utegaliev,A (2517)-Saiyn,Z (2370) Almaty 2018}) 8... Bb7 9. Rd1 e6 10. Qc2 Nbd7 11. e4 dxe4 12. Nxe4 Qc7 13. Nxf6+ Nxf6 14. c5 $146 ({Predecessor:} 14. Bg5 c5 15. Rac1 Ne4 {0-1 (45) Sekulovska,V (2117)-Tosic,M (2408) Skopje 2011}) 14... Nd5 15. g3 Rfd8 16. Bg5 Rd7 17. Rac1 Re8 18. Bf1 h6 19. Bd2 Ne7 20. Bh3 Rd5 21. Bf4 Qd8 22. Qa4 a5 23. Be5 b5 24. Qb3 Nf5 25. Bxf5 exf5 26. Bxg7 Kxg7 27. Re1 Bc8 28. a4 b4 29. Rxe8 Qxe8 30. Re1 Be6 31. Qe3 Qc8 32. Ne5 Rd8 33. Nd3 Bc4 34. Nf4 Qd7 ({Black should try} 34... g5 $1 $15 35. Qe5+ Kh7) 35. b3 $36 {[%mdl 2048] White has the initiative.} Bd5 $1 36. Qe5+ f6 37. Qe7+ Qxe7 38. Rxe7+ Kg8 39. Nxd5 Rxd5 {[%mdl 4096] Endgame KR-KR} 40. Ra7 Rxd4 41. Rxa5 Rd3 42. Ra6 Rxb3 43. Rxc6 Kf7 44. Rb6 Ke7 45. Kg2 Rc3 46. Rxb4 Rxc5 47. Rb3 Kd6 (47... Ra5 $11) 48. Ra3 Ra5 49. Kf3 Kc5 50. Ke3 Kc4 51. Ra1 g5 52. h3 h5 {The position is equal.} 53. Rc1+ Kd5 54. Rd1+ Kc5 55. Ra1 Kc4 56. h4 Kc3 57. Rc1+ Kb3 58. Rb1+ Kc4 59. Rc1+ Kb3 60. Rc6 (60. Rh1 {keeps more tension.} Rxa4 61. hxg5 fxg5 62. Rxh5 Rg4 63. Kf3) 60... Rxa4 61. Rxf6 gxh4 62. gxh4 Rxh4 63. Rxf5 Kc4 64. Rg5 Rh3+ 65. Ke4 Rh1 66. f4 h4 67. Rg8 Re1+ 68. Kf5 h3 {[#] ...h2 is the strong threat.} 69. Rh8 Rh1 70. Kg4 Kd5 71. Rh5+ Ke6 72. Rh6+ Kf7 73. Kf5 h2 74. Rh3 (74. Rf6+ {seems wilder.} Kg8 75. Rg6+ Kf7 76. Rg2 Ke8 77. Re2+) 74... Kg7 75. Rg3+ Kf7 {[#] Strongly threatening ...Rf1!} 76. Rg2 Kf8 77. Ra2 Kf7 78. Rf2 Kg7 79. Rb2 Kf7 80. Ra2 Kg7 81. Ke4 $2 {[%mdl 40960] Accuracy: White = 47%, Black = 62%. . An unexpected result.} (81. Re2 $11) 1/2-1/2

[Event "2nd Summer Festival Belgrade GM 2019"]
[Site "Belgrade"]
[Date "2019.06.28"]
[Round "7.2"]
[White "Abramovic, Bosko"]
[Black "Liu, Zhaoqi"]
[Result "1-0"]
[WhiteElo "2353"]
[BlackElo "2386"]
[Annotator "NA"]
[PlyCount "101"]
[EventDate "2019.06.25"]
[EventType "tourn"]
[EventCountry "SRB"]
[SourceTitle "playchess.com"]
[Source "ChessBase"]
[SourceQuality "1"]
[TimeControl "5400+30"]

1. Nf3 {[%emt 0:05:50]} Nf6 {[%emt 0:00:00]} 2. g3 {[%emt 0:00:05]} c5 {[%emt 0:00:00]} 3. Bg2 {[%emt 0:00:07]} g6 {[%emt 0:00:00]} 4. O-O {[%emt 0:00:07]} Bg7 {[%emt 0:00:00]} 5. c3 {[%emt 0:00:12]} Qc7 {[%emt 0:03:08]} 6. d4 {[%emt 0:00:12]} d6 {[%emt 0:00:03]} 7. Re1 {[%emt 0:00:17]} Bf5 {[%emt 0:00:07]} 8. Nh4 {[%emt 0:03:27]} Be4 {[%emt 0:01:17]} 9. d5 {[%emt 0:01:44]} Bxg2 {[%emt 0:00:11]} 10. Nxg2 {[%emt 0:00:05]} O-O {[%emt 0:01:35]} 11. e4 {[%emt 0:00:22]} b5 {[%emt 0:03:41]} 12. a4 {[%emt 0:01:05]} bxa4 {[%emt 0:01:03]} 13. Nd2 {[%emt 0:00:22]} Nbd7 {[%emt 0:01:01]} 14. Rxa4 {[%emt 0:00:26]} Nb6 {[%emt 0:00:50]} 15. Ra2 {[%emt 0:00:26]} a5 {[%emt 0:02:51]} 16. Qe2 {[%emt 0:01:17]} Nfd7 {[%emt 0:02:07]} 17. Ne3 {[%emt 0:00:15]} a4 {[%emt 0:03:10]} 18. h4 {[%emt 0:00:49]} h5 {[%emt 0:02:30]} 19. Ndc4 {[%emt 0:01:30]} Nxc4 {[%emt 0:01:20]} 20. Nxc4 {[%emt 0:01:22]} Nb6 {[%emt 0:03:36]} 21. Bg5 {[%emt 0:03:16]} Rfe8 {[%emt 0:06:46]} 22. Rea1 {[%emt 0:00:16]} Rab8 {[%emt 0:00:56]} 23. Nxb6 {[%emt 0:01:42]} Qxb6 {[%emt 0:00:02]} 24. Bc1 {[%emt 0:00:12]} e6 {[%emt 0:01:49]} 25. dxe6 {[%emt 0:01:56]} Rxe6 {[%emt 0:00:01]} 26. Rxa4 {[%emt 0:00:17]} Rbe8 {[%emt 0:00:58]} 27. Bf4 {[%emt 0:09:46]} Qb7 {[%emt 0:02:11]} 28. Ra7 {[%emt 0:01:09]} Qb3 {[%emt 0:06:28]} 29. R1a3 {[%emt 1:05:56]} Qb6 {[%emt 0:00:22]} 30. R3a6 {[%emt 0:00:00]} Qb3 {[%emt 0:02:39]} 31. Rxd6 {[%emt 0:00:00]} Rxe4 {[%emt 0:00:29]} 32. Qf3 {[%emt 0:00:00]} Re1+ {[%emt 0:25:17]} 33. Kg2 {[%emt 0:00:00]} Bd4 {[%emt 0:11:33]} 34. Ra8 {[%emt 0:00:00]} Bg7 {[%emt 0:02:04]} 35. Rxe8+ {[%emt 0:00:00]} Rxe8 {[%emt 0:00:03]} 36. Qd5 {[%emt 0:00:00]} Qxb2 {[%emt 0:05:30]} 37. Rd7 {[%emt 0:00:00]} Re6 {[%emt 0:00:46]} 38. Rc7 {[%emt 0:00:00]} Qxc3 {[%emt 0:01:31]} 39. Rc8+ {[%emt 0:00:00]} Kh7 {[%emt 0:00:11]} 40. Qd8 {[%emt 0:00:00]} g5 {[%emt 0:00:24]} 41. Qxg5 {[%emt 0:00:00]} Qc4 {[%emt 0:10:42]} 42. Qxh5+ {[%emt 0:00:00]} Rh6 {[%emt 0:00:50]} 43. Bxh6 {[%emt 0:00:00]} Bxh6 {[%emt 0:00:06]} 44. Qf5+ {[%emt 0:00:00]} Kg7 {[%emt 0:00:03]} 45. Rxc5 {[%emt 0:00:00]} Qa6 {[%emt 0:00:17]} 46. Rc7 {[%emt 0:00:00]} Qa2 {[%emt 0:00:12]} 47. Rc6 {[%emt 0:00:00]} Qb2 {[%emt 0:02:09]} 48. h5 {[%emt 0:00:00]} Be3 {[%emt 0:00:03]} 49. Rc7 {[%emt 0:00:00]} Qa2 {[%emt 0:01:07]} 50. Qxf7+ {[%emt 0:00:00]} Qxf7 {[%emt 0:00:29]} 51. Rxf7+ {[%emt 0:00:00]} 1-0

[Event "2nd Summer Festival Belgrade GM 2019"]
[Site "Belgrade"]
[Date "2019.06.28"]
[Round "7.3"]
[White "Lee, Jun Hyeok"]
[Black "Ernst, Sipke"]
[Result "1/2-1/2"]
[WhiteElo "2386"]
[BlackElo "2541"]
[Annotator "ChessBase"]
[PlyCount "48"]
[EventDate "2019.06.25"]
[EventType "tourn"]
[EventCountry "SRB"]
[SourceTitle "playchess.com"]
[Source "ChessBase"]
[SourceQuality "1"]
[TimeControl "5400+30"]

1. d4 {[%emt 0:00:00]} Nf6 {[%emt 0:04:15]} 2. Nf3 {[%emt 0:00:00]} e6 {[%emt 0:00:28]} 3. c4 {[%emt 0:00:00]} d5 {[%emt 0:00:07]} 4. Nc3 {[%emt 0:00:07]} dxc4 {[%emt 0:00:03]} 5. Qa4+ {[%emt 0:00:09]} c6 {[%emt 0:00:33]} 6. Qxc4 {[%emt 0:00:05]} b5 {[%emt 0:00:04]} 7. Qd3 {[%emt 0:00:05]} Nbd7 {[%emt 0:01:40]} 8. a3 {[%emt 0:00:15]} a5 {[%emt 0:01:57]} 9. e4 {[%emt 0:01:59]} b4 {[%emt 0:02:53]} 10. axb4 {[%emt 0:00:05]} Bxb4 {[%emt 0:00:08]} 11. e5 {[%emt 0:00:46]} Nd5 {[%emt 0:02:10]} 12. Qc2 {[%emt 0:07:04]} c5 {[%emt 0:06:34]} 13. Bd2 {[%emt 0:02:57]} Bb7 {[%emt 0:02:28]} 14. Bd3 {[%emt 0:13:23]} Bxc3 {[%emt 0:12:47]} 15. bxc3 {[%emt 0:00:56]} cxd4 {[%emt 0:00:27]} 16. cxd4 {[%emt 0:00:39]} Nb4 {[%emt 0:01:25]} 17. Bxb4 {[%emt 0:01:07]} axb4 {[%emt 0:00:05]} 18. O-O {[%emt 0:03:11]} h6 {[%emt 0:14:48]} 19. Rxa8 {[%emt 0:13:12]} Bxa8 {[%emt 0:00:10]} 20. Rb1 {[%emt 0:00:28]} Bxf3 {[%emt 0:02:04]} 21. gxf3 {[%emt 0:00:05]} O-O {[%emt 0:05:16]} 22. Rxb4 {[%emt 0:00:40]} Nb6 {[%emt 0:04:01]} 23. Bh7+ {[%emt 0:01:26]} Kh8 {[%emt 0:00:05]} 24. Be4 {[%emt 0:00:03]} Nd5 {[%emt 0:03:45]} 1/2-1/2

[Event "2nd Summer Festival Belgrade GM 2019"]
[Site "Belgrade"]
[Date "2019.06.28"]
[Round "7.5"]
[White "Damjanovic, Vuk"]
[Black "Nandhidhaa, P V"]
[Result "1/2-1/2"]
[WhiteElo "2283"]
[BlackElo "2259"]
[Annotator "NA"]
[PlyCount "43"]
[EventDate "2019.06.25"]
[EventType "tourn"]
[EventCountry "SRB"]
[SourceTitle "playchess.com"]
[Source "ChessBase"]
[SourceQuality "1"]
[TimeControl "5400+30"]

1. e4 {[%emt 0:05:56]} c5 {[%emt 0:00:00]} 2. Nf3 {[%emt 1:25:04]} e6 3. d4 {[%emt 0:00:00]} cxd4 {[%emt 0:00:00]} 4. Nxd4 {[%emt 0:00:00]} Nc6 {[%emt 0:00:00]} 5. Nc3 {[%emt 0:00:00]} Qc7 {[%emt 0:00:00]} 6. g3 {[%emt 0:00:00]} a6 {[%emt 0:00:04]} 7. Bg2 {[%emt 0:00:00]} d6 {[%emt 0:00:06]} 8. O-O {[%emt 0:00:00]} Bd7 {[%emt 0:00:04]} 9. Nxc6 {[%emt 0:00:00]} Bxc6 {[%emt 0:00:07]} 10. Re1 {[%emt 0:00:00]} Nf6 {[%emt 0:00:50]} 11. Nd5 {[%emt 0:00:00]} Bxd5 {[%emt 0:05:44]} 12. exd5 {[%emt 0:00:00]} e5 {[%emt 0:00:03]} 13. Be3 {[%emt 0:00:00]} Be7 {[%emt 0:00:11]} 14. a4 {[%emt 0:00:00]} a5 {[%emt 0:04:39]} 15. c3 {[%emt 0:00:00]} O-O {[%emt 0:00:25]} 16. Qb3 {[%emt 0:00:00]} Nd7 {[%emt 0:01:24]} 17. f3 {[%emt 0:00:00]} f5 {[%emt 0:09:46]} 18. Bf2 {[%emt 0:00:00]} Bf6 {[%emt 0:07:22]} 19. Qb5 {[%emt 0:00:00]} Rfc8 {[%emt 0:04:08]} 20. Rab1 {[%emt 0:00:00]} Nc5 {[%emt 0:01:55]} 21. Bf1 {[%emt 0:00:00]} Qf7 {[%emt 0:05:11]} 22. Red1 {[%emt 0:00:00]} 1/2-1/2

[Event "2nd Summer Festival Belgrade GM 2019"]
[Site "Belgrade"]
[Date "2019.06.28"]
[Round "7.6"]
[White "Damljanovic, Branko"]
[Black "Strikovic, Aleksa"]
[Result "1/2-1/2"]
[WhiteElo "2468"]
[BlackElo "2503"]
[Annotator "ChessBase"]
[PlyCount "21"]
[EventDate "2019.06.25"]
[EventType "tourn"]
[EventCountry "SRB"]
[SourceTitle "playchess.com"]
[Source "ChessBase"]
[SourceQuality "1"]
[TimeControl "5400+30"]

1. e4 {[%emt 0:03:57]} e5 {[%emt 0:00:00]} 2. Nf3 {[%emt 0:00:06]} Nc6 {[%emt 0:00:00]} 3. Bb5 {[%emt 0:00:05]} a6 {[%emt 0:00:00]} 4. Ba4 {[%emt 0:00:02]} Nf6 {[%emt 0:00:00]} 5. O-O {[%emt 0:00:04]} Be7 {[%emt 0:00:00]} 6. Re1 {[%emt 0:00:04]} b5 {[%emt 0:00:00]} 7. Bb3 {[%emt 0:00:03]} O-O {[%emt 0:00:02]} 8. h3 {[%emt 0:00:04]} d6 {[%emt 0:00:06]} 9. c3 {[%emt 0:00:03]} Na5 {[%emt 0:00:04]} 10. Bc2 {[%emt 0:00:04]} c5 {[%emt 0:00:02]} 11. d4 {[%emt 0:00:04]} 1/2-1/2

[Event "2nd Summer Festival Belgrade GM 2019"]
[Site "Belgrade"]
[Date "2019.06.29"]
[Round "8.1"]
[White "Yu, Jennifer"]
[Black "Strikovic, Aleksa"]
[Result "0-1"]
[WhiteElo "2369"]
[BlackElo "2503"]
[Annotator "ChessBase"]
[PlyCount "72"]
[EventDate "2019.06.25"]
[EventType "tourn"]
[EventCountry "SRB"]
[SourceTitle "playchess.com"]
[Source "ChessBase"]
[SourceQuality "1"]
[TimeControl "5400+30"]

1. d4 {[%emt 0:00:00]} Nf6 {[%emt 0:08:28]} 2. c4 {[%emt 0:00:00]} g6 {[%emt 0:00:32]} 3. Nc3 {[%emt 0:00:00]} Bg7 {[%emt 0:00:09]} 4. g3 {[%emt 0:00:00]} O-O {[%emt 0:00:24]} 5. Bg2 {[%emt 0:00:07]} d6 {[%emt 0:00:05]} 6. Nf3 {[%emt 0:00:09]} Nc6 {[%emt 0:00:08]} 7. O-O {[%emt 0:00:09]} Bf5 {[%emt 0:00:10]} 8. d5 {[%emt 0:00:58]} Na5 {[%emt 0:00:30]} 9. Nd2 {[%emt 0:00:09]} Ne8 {[%emt 0:02:36]} 10. e4 {[%emt 0:00:36]} Bd7 {[%emt 0:00:05]} 11. Qc2 {[%emt 0:00:56]} c6 {[%emt 0:02:30]} 12. Rb1 {[%emt 0:00:18]} cxd5 {[%emt 0:00:58]} 13. Nxd5 {[%emt 0:01:58]} Rc8 {[%emt 0:02:41]} 14. Qd3 {[%emt 0:00:36]} e6 {[%emt 0:00:33]} 15. Ne3 {[%emt 0:00:17]} Nc6 {[%emt 0:00:47]} 16. a3 {[%emt 0:01:20]} a6 {[%emt 0:01:58]} 17. f4 {[%emt 0:02:46]} b5 {[%emt 0:11:32]} 18. b4 {[%emt 0:07:22]} Ne7 {[%emt 0:12:48]} 19. Bb2 {[%emt 0:19:56]} bxc4 {[%emt 0:04:43]} 20. Ndxc4 {[%emt 0:01:25]} Bxb2 {[%emt 0:03:35]} 21. Rxb2 {[%emt 0:00:40]} d5 {[%emt 0:00:05]} 22. exd5 {[%emt 0:05:23]} exd5 {[%emt 0:00:11]} 23. Nxd5 {[%emt 0:11:07]} Nxd5 {[%emt 0:00:28]} 24. Bxd5 {[%emt 0:05:33]} Nf6 {[%emt 0:07:24]} 25. Ne5 {[%emt 0:15:55]} Nxd5 {[%emt 0:11:35]} 26. Qxd5 {[%emt 0:00:44]} Qb6+ {[%emt 0:00:03]} 27. Rbf2 {[%emt 0:04:30]} Be6 {[%emt 0:00:42]} 28. Qf3 {[%emt 0:03:51]} Rfd8 {[%emt 0:01:10]} 29. Re1 {[%emt 0:03:38]} Bh3 {[%emt 0:05:48]} 30. g4 {[%emt 0:07:41]} Rd2 {[%emt 0:02:41]} 31. f5 {[%emt 0:03:33]} g5 {[%emt 0:05:32]} 32. Nd3 {[%emt 0:01:01]} Qd4 {[%emt 0:01:41]} 33. Qxh3 {[%emt 0:02:38]} Rxd3 {[%emt 0:00:10]} 34. Qh5 {[%emt 0:00:36]} Qf6 {[%emt 0:01:23]} 35. Rfe2 {[%emt 0:00:30]} h6 {[%emt 0:03:52]} 36. Re7 {[%emt 0:01:05]} Rc2 {[%emt 0:10:03]} 0-1

[Event "2nd Summer Festival Belgrade GM 2019"]
[Site "Belgrade"]
[Date "2019.06.29"]
[Round "8.2"]
[White "Nandhidhaa, P V"]
[Black "Damljanovic, Branko"]
[Result "0-1"]
[WhiteElo "2259"]
[BlackElo "2468"]
[Annotator "TA"]
[PlyCount "92"]
[EventDate "2019.06.25"]
[EventType "tourn"]
[EventCountry "SRB"]
[SourceTitle "playchess.com"]
[Source "ChessBase"]
[SourceQuality "1"]

{[%evp 20,92,60,40,68,58,58,52,60,59,66,60,56,18,31,18,22,12,25,2,15,15,39,35,36,-134,-134,-123,-151,-219,-106,-164,-134,-126,-117,-127,-150,-153,-139,-213,-193,-210,-177,-252,-247,-247,-204,-217,-210,-279,-284,-290,-240,-210,-225,-367,-335,-430,-243,-509,-290,-335,-234,-423,-396,-677,-669,-723,-678,-1242,-737,-29991,-29992,-29994,-29995]} 1. e4 c5 2. Nf3 e6 3. d4 cxd4 4. Nxd4 a6 5. c4 Nf6 6. Nc3 Qc7 7. Be2 b6 8. O-O Bb7 9. Qd3 d6 10. f4 Nbd7 11. b4 Be7 {B41: Sicilian: Kan Variation: 5 c4} (11... d5 12. exd5 Bxb4 13. dxe6 Nc5 14. exf7+ Kxf7 15. Qh3 Bxc3 16. Qxc3 Rhe8 17. Bf3 Nce4 18. Qb4 Rad8 19. Be3 {½-½ (31) Muzychuk,M (2540)-Adhiban,B (2689) Caleta 2019}) 12. Bb2 Rc8 13. Rac1 Qb8 {White is slightly better.} 14. Qe3 $146 ({Predecessor:} 14. f5 e5 15. Nc2 h6 16. Ne3 O-O 17. a3 Rfd8 18. Rfd1 Nf8 19. Bf3 {1-0 (33) Reuker,J (2404)-Svane,F (2292) Dresden 2018}) 14... O-O 15. Bd3 Rfe8 16. Kh1 Bf8 17. Qh3 e5 18. Nf5 exf4 19. Nd5 Bxd5 $1 20. exd5 Ne5 21. Rxf4 {aiming for Rcf1.} b5 $1 22. Rh4 $2 (22. Nh6+ $14 {keeps the upper hand.} gxh6 23. Rxf6 bxc4 24. Bc2) 22... g6 $1 $17 23. Rf1 {Nh6+ is the strong threat.} bxc4 (23... gxf5 24. c5 $16) 24. Bb1 (24. Bxc4 $17 Rxc4 25. Rxc4 Nxc4 26. Bxf6) 24... h5 (24... Rc7 $19 {has better winning chances.} 25. Ne3 Qxb4) 25. Qg3 (25. Bc3 $17) 25... c3 ({Stronger than} 25... Nxd5 26. Bxe5 dxe5 27. Rxh5 $11) 26. Bxc3 {[#]} Qb5 $1 {[%cal Rb5f1][%mdl 512]} 27. Rg1 {[#]} Rxc3 $1 {[%mdl 512]} 28. Qxc3 gxf5 29. Bxf5 (29. Rf4 $17 {keeps fighting.}) 29... Bg7 $40 {[%mdl 128] Black attacks with force.} 30. Qg3 Qxd5 31. Rf4 {[#]} (31. h3 $142) 31... Neg4 $1 ({Don't do} 31... Qxa2 32. Bb1 $17) 32. h3 Ne3 33. Bb1 {[#] Threatens to win with Rxf6.} Qe5 $1 34. Qf3 d5 35. Re1 d4 36. Rf5 Qd6 37. Rg5 (37. Rc5 $142) 37... Kf8 38. a3 Rc8 (38... Bh6 $142 39. Rc5 Re6) 39. Bd3 $2 (39. Ba2) 39... Bh6 40. Ra5 Rc6 41. b5 $2 (41. Rc5 Rxc5 42. bxc5) 41... axb5 42. Ra8+ $2 (42. Bxb5 Rb6 43. Bd3) 42... Kg7 43. Bxb5 Rc5 44. a4 Rf5 {( -> ...Nfg4)} 45. Qb7 Qg3 46. Rg1 Bf4 {Accuracy: White = 23%, Black = 73%.} 0-1

[Event "2nd Summer Festival Belgrade GM 2019"]
[Site "Belgrade"]
[Date "2019.06.29"]
[Round "8.3"]
[White "Chen, Peng"]
[Black "Damjanovic, Vuk"]
[Result "1-0"]
[WhiteElo "2328"]
[BlackElo "2283"]
[Annotator "NA"]
[PlyCount "87"]
[EventDate "2019.06.25"]
[EventType "tourn"]
[EventCountry "SRB"]
[SourceTitle "playchess.com"]
[Source "ChessBase"]
[SourceQuality "1"]
[TimeControl "5400+30"]

1. e4 {[%emt 0:00:00]} c6 {[%emt 0:06:30]} 2. Nf3 {[%emt 0:00:04]} d5 {[%emt 0:00:13]} 3. exd5 {[%emt 0:00:05]} cxd5 {[%emt 0:00:09]} 4. Ne5 {[%emt 0:00:01]} Nc6 {[%emt 0:01:30]} 5. d4 {[%emt 0:00:09]} Nf6 {[%emt 0:06:10]} 6. Bb5 {[%emt 0:01:29]} Bd7 {[%emt 0:00:36]} 7. Nxd7 {[%emt 0:00:00]} Qxd7 {[%emt 0:00:00]} 8. c3 {[%emt 0:00:13]} e6 {[%emt 0:04:57]} 9. O-O {[%emt 0:00:14]} Bd6 {[%emt 0:01:05]} 10. Nd2 {[%emt 0:00:16]} O-O {[%emt 0:05:09]} 11. Qe2 {[%emt 0:02:10]} Qc7 {[%emt 0:03:19]} 12. Nf3 $11 {[%emt 0:00:18]} a6 {[%emt 0:14:18]} 13. Bd3 {[%emt 0:00:06]} Bf4 {[%emt 0:00:07]} 14. Bxf4 {[%emt 0:02:03]} Qxf4 {[%emt 0:00:11]} 15. g3 {[%emt 0:00:12]} Qc7 {[%emt 0:06:50]} 16. Kg2 {[%emt 0:00:27]} Rfe8 {[%emt 0:06:19]} 17. Rfe1 {[%emt 0:03:00]} Rab8 {[%emt 0:01:24]} 18. h4 {[%emt 0:00:48]} b5 {[%emt 0:02:26]} 19. a4 {[%emt 0:03:40]} Qb6 {[%emt 0:01:08]} 20. b4 {[%emt 0:03:13]} Rec8 {[%emt 0:16:04]} 21. Ra3 {[%emt 0:01:09]} h6 {[%emt 0:02:28]} 22. Rea1 {[%emt 0:03:51]} Nd7 {[%emt 0:01:12]} 23. axb5 {[%emt 0:10:30]} axb5 {[%emt 0:00:02]} 24. Kg1 {[%emt 0:03:15]} Qb7 {[%emt 0:04:39]} 25. Ra6 {[%emt 0:03:31]} Rc7 {[%emt 0:02:52]} 26. R6a3 {[%emt 0:02:11]} Rcc8 {[%emt 0:01:08]} 27. Re1 {[%emt 0:03:23]} Re8 {[%emt 0:00:41]} 28. Qa2 {[%emt 0:10:49]} Qc7 {[%emt 0:03:15]} 29. Ra6 {[%emt 0:01:38]} Qb7 {[%emt 0:00:51]} 30. Ra1 {[%emt 0:00:14]} Rbd8 {[%emt 0:00:50]} 31. Bf1 {[%emt 0:01:41]} Rb8 {[%emt 0:03:30]} 32. Ne1 {[%emt 0:02:04]} Qc7 {[%emt 0:03:54]} 33. Nd3 {[%emt 0:00:57]} Rec8 {[%emt 0:01:28]} 34. Bh3 {[%emt 0:02:34]} Re8 {[%emt 0:01:11]} 35. Re1 {[%emt 0:01:29]} Nb6 {[%emt 0:00:32]} 36. Nc5 {[%emt 0:01:32]} Nc4 {[%emt 0:00:16]} 37. Qa1 {[%emt 0:01:43]} e5 {[%emt 0:00:31]} 38. Bd7 {[%emt 0:00:18]} Ne7 {[%emt 0:00:43]} 39. Bxe8 {[%emt 0:03:17]} Rxe8 {[%emt 0:00:02]} 40. dxe5 {[%emt 0:00:22]} Nxe5 {[%emt 0:00:06]} 41. Kg2 {[%emt 0:00:24]} Qb8 {[%emt 0:00:59]} 42. c4 {[%emt 0:01:55]} Nxc4 {[%emt 0:00:04]} 43. Rxe7 {[%emt 0:00:11]} Rxe7 {[%emt 0:00:02]} 44. Ra8 {[%emt 0:00:01]} 1-0

[Event "2nd Summer Festival Belgrade GM 2019"]
[Site "Belgrade"]
[Date "2019.06.29"]
[Round "8.4"]
[White "Ernst, Sipke"]
[Black "Salimova, Nurgyul"]
[Result "1-0"]
[WhiteElo "2541"]
[BlackElo "2416"]
[Annotator "TA"]
[PlyCount "119"]
[EventDate "2019.06.25"]
[EventType "tourn"]
[EventCountry "SRB"]
[SourceTitle "playchess.com"]
[Source "ChessBase"]
[SourceQuality "1"]

{[%evp 24,119,8,1,4,5,34,11,9,0,14,-9,-3,-9,-6,-30,-29,-35,-23,-38,-48,-48,0,0,0,0,33,40,57,45,85,67,60,33,40,8,9,13,16,0,0,0,0,0,21,0,0,0,0,0,0,-151,-129,-127,-37,-37,-38,-38,-40,-145,-156,-157,-110,-164,0,-56,8,8,57,58,78,70,78,0,0,0,335,329,802,761,766,755,5193,8973,5257,3015,12820,11601,5724,6235,6068,4610,5014,5014,29987,29988,29987,29988]} 1. Nf3 d5 2. c4 e6 3. g3 Nf6 4. Bg2 Be7 5. O-O O-O 6. b3 b6 7. Bb2 Bb7 8. e3 dxc4 9. bxc4 c5 10. Qe2 Nbd7 11. Rd1 Qc7 12. Nc3 Rac8 13. Rac1 Rfd8 {A14: English Opening: 1...e6 with b3 by White} 14. d3 Qb8 15. Ba1 $146 ({Predecessor:} 15. Ne1 Bxg2 16. Nxg2 Qb7 17. f4 Nb8 18. g4 Rd7 19. Ne1 Nc6 20. h4 h6 21. g5 hxg5 22. hxg5 {1-0 (32) Horvath,G (2430)-Kovacs,Z (2320) Hungary 2006}) 15... Qa8 {The position is equal.} 16. a4 {[%cal Ba2a4,Ba4a5][%mdl 32]} Ng4 17. a5 Nge5 18. Nxe5 {aiming for Bxb7.} Bxg2 19. f3 Nxe5 20. Kxg2 bxa5 21. Ne4 Nc6 22. g4 f5 23. gxf5 exf5 24. Ng3 Bf8 25. Nxf5 Nb4 26. e4 Rc6 27. Kh1 Rg6 28. Ne3 Bd6 29. Nd5 Rh6 30. f4 Nxd5 31. cxd5 Bxf4 {[%mdl 64] Double Attack} 32. Qg4 {[%csl Ga1][%cal Rg4g7][%mdl 64] Double Attack} g5 33. Rc2 Qb8 (33... Qc8 $5 {[%cal Rc8g4]} 34. Qxc8 Rxc8 $11) 34. Rg1 Be3 35. Re1 Rf8 36. Rg2 Bf4 37. h3 $2 (37. Rf1 $11) 37... Qc8 $17 38. h4 Qxg4 (38... Kf7 $1 $17 39. Qxc8 Rxh4+ 40. Kg1 Rxc8) 39. Rxg4 $15 Rxh4+ 40. Rxh4 gxh4 $17 {[%mdl 4096] Endgame KRB-KRB} 41. Kg2 (41. e5 $1 $15) 41... Bg3 42. Re2 Kf7 43. Bc3 (43. Ra2 $17) 43... Kg6 $2 (43... Rb8 $19 44. Bxa5 Rb3) 44. Bxa5 (44. Be1 $11) 44... Kh5 ({Black should play} 44... Be5 $15 45. Re1 h3+ $1 {[%mdl 576] Decoy} 46. Kxh3 Rf3+ {[%mdl 64] Double Attack} 47. Kg4 Rxd3) 45. e5 $11 {Black must now prevent d6.} Re8 46. e6 Kg4 {Threatening ...h3+.} 47. Re4+ Kf5 48. Be1 (48. Bc3 $16) 48... Bxe1 49. Rxe1 {Hoping for e7. KR-KR} Kf6 $2 {[%mdl 8192] [#]} (49... Re7 $1 $11 {and Black is okay.}) 50. Kf3 $1 $18 Ke7 $2 (50... Rg8 51. e7 Kf7) 51. Ke4 Rg8 52. Ra1 h3 53. Rxa7+ Kf6 54. Rf7+ Kg6 55. Rf1 h2 56. Ke5 Rf8 57. Re1 Rf2 58. Kd6 Re2 59. Rxe2 h1=Q 60. e7 {Accuracy: White = 57%, Black = 50%.} 1-0